000
00318nam a22001337a 4500
008
170919b xxu||||| |||| 00| 0 eng d
020
_a
9780205668946
041
_a
eng
080
_2
7 ED
_a
7
100
_a
44
101
_a
ART
245
_a
A SHORT GIDE TO WRITING ABOUT FILM
_c
CORRIGAN.T
942
_2
udc
_c
BK
999
_c
28237
_d
28237